000 00665nam a2200253Ia 4500
001 dia_1053
003 CHAP
005 20230120101223.0
008 220117s1972 xx 000 0 und d
010 _a171600
020 _a968-25-0044-3
040 _cCHAP
082 _a338.5 L4
100 _aLeftwich, Richard H.
_965640
245 _aMicroeconomía /
_c por Richard H. Leftwich
260 _aMéxico :
_b Interamericana,
_c1972
300 _a375 p.
503 _aI.125675
650 _a1.Microeconomía
_9149898
901 _a338.5 L4
902 _aM
905 _a0000001972 MX M 0000000000SPA00
942 _cLIBRO
_2ddc
999 _c171600
_d171600